| 000 | 00771nam a2200265 a 4500 | ||
|---|---|---|---|
| 008 | |||
| 020 | _a1899066764 (pbk.) | ||
| 049 | _aMAIN | ||
| 090 |
_aRG571 _bNEL |
||
| 100 | 1 | _aNelson-Piercy, Catherine. | |
| 245 | 1 | 0 |
_aHandbook of obstetric medicine / _cCatherine Nelson-Piercy. |
| 260 |
_aLondon : _bIsis Medical Media , _c1997. |
||
| 300 |
_axii, 270 p. : _bill. ; _c24 cm. |
||
| 500 | _aIncludes bibliographical references. | ||
| 500 | _aIncludes index. | ||
| 650 | 0 |
_aWomen _xDiseases. |
|
| 650 | 0 | _aObstetrics. | |
| 650 | 0 | _aPregnancy. | |
| 650 | 2 | _aGenital Diseases, Female. | |
| 907 |
_a.b1014643x _b16-07-12 _c13-01-05 |
||
| 003 | |||
| 005 | 20230120203836.0 | ||
| 040 | _cNUST | ||
| 942 |
_cBOOKS _kRG571 _mNEL |
||
| 999 |
_c112440 _d112440 |
||